Rappers by State - Statistics

General Stats
  • This quiz has been taken 10 times
  • The average score is 8 of 14
Answer Stats
Hint Answer % Correct
Tupac Shakur, Kendrick Lamar, NWA California
89%
The Notorious BIG, Nicki Minaj, Bobby Shmurda New York
89%
Megan Thee Stallion, Travis Scott, Vanilla Ice Texas
89%
XXXTENTACION, Lil Pump, Ski Mask the Slump God Florida
78%
Juice WRLD, Lil Durk, Chance the Rapper Illinois
78%
Eminem, NF, Big Sean Michigan
78%
Trippie Redd, Kid Cudi, Hi-Tek Ohio
56%
Sir Mix-A-Lot, Macklemore, Lil Mosey Washington
56%
Migos, Future, Lil Baby Georgia
44%
NBA Youngboy, Kevin Gates, Lil Wayne Louisiana
44%
Ice-T, Fetty Wap, Wyclef Jean New Jersey
33%
DaBaby, J. Cole, Jermaine Dupri North Carolina
33%
Lil Uzi Vert, Lil Skies, Mac Miller Pennsylvania
33%
Missy Elliott, Timbaland, Pusha T Virginia
22%
No matching quizzes found
Score Distribution
Percent of People with Each Score
Percentile by Number Answered
Your Score History
You have not taken this quiz